| 000 | 00983cam a22003131i 4500 | ||
|---|---|---|---|
| 001 | 011613902 | ||
| 003 | EG-ScBUE | ||
| 005 | 20230521105915.0 | ||
| 008 | 980115s1998 nyua f 001 0 eng d | ||
| 020 | _a9780471241676 | ||
| 020 | _a0471241679 (v.2) | ||
| 040 |
_aStDuBDS _beng _erda _cEG-ScBUE _dUk _dEG-ScBUE |
||
| 082 | 0 | 4 |
_a620.103 _222 _bMER |
| 100 | 1 |
_aMeriam, J. L. _q(James L.) _eautor. |
|
| 245 | 1 | 0 |
_aEngineering mechanics : _bdynamics / _cJ. L. Meriam and L. G. Kraige. |
| 250 | _aFourth edition. | ||
| 264 | 1 |
_aNew York : _bJohn Wiley & Sons, Inc., _c[1998] |
|
| 300 |
_axx, 725 pages : _bcolor illustrations ; _c27 cm |
||
| 336 |
_atext _2rdacontent _btxt |
||
| 337 |
_aunmediated _2rdamedia _bn |
||
| 338 |
_avolume _2rdacarrier _bnc |
||
| 500 | _aIncludes index. | ||
| 650 | 7 |
_aMechanics. _2BUEsh |
|
| 650 | 7 |
_aMechanical engineering. _2BUEsh |
|
| 653 | _bENGMEC | ||
| 655 | _vReading book | ||
| 700 | 1 |
_aKraige, L. G. _q(L. Glenn). _eauthor. |
|
| 942 |
_2ddc _cBB |
||
| 999 |
_c30431 _d30402 |
||